Konkurenčná stratégia podnikania na stagnujúcich a zmršťujúcich sa trhoch

Snaha každého podniku o uchovanie si oblasti pôsobenia. Stratégia udržania trhu. Vytvorenie bariéry pred konkurenciou. Oporné body kúpy, na ktoré sa pomocou stratégie môže podnik spoľahnúť na problematických trhoch. Ciele rôznych stratégií na udržanie trhu. Stratégia úspešného zhluku.

Gespeichert in:
Bibliographische Detailangaben
1. Verfasser: Lesáková, Milica
Format: Buchkapitel
Sprache:Slowakisch
Schlagworte:
Tags: Tag hinzufügen
Keine Tags, Fügen Sie das erste Tag hinzu!

MARC

LEADER 00000naa a2200000 4500
001 r035387
005 20230824101221.0
041 0 |a slo 
044 |a SK 
245 1 0 |a Konkurenčná stratégia podnikania na stagnujúcich a zmršťujúcich sa trhoch  |c Milica Lesáková 
520 |a Snaha každého podniku o uchovanie si oblasti pôsobenia. Stratégia udržania trhu. Vytvorenie bariéry pred konkurenciou. Oporné body kúpy, na ktoré sa pomocou stratégie môže podnik spoľahnúť na problematických trhoch. Ciele rôznych stratégií na udržanie trhu. Stratégia úspešného zhluku. 
610 2 0 |a stratégia podniková 
610 2 0 |a trh 
610 2 0 |a stagnácia 
610 2 0 |a konkurencieschopnosť 
610 2 0 |a podnikanie 
610 2 0 |a výnosy podnikové 
100 1 |a Lesáková, Milica